Korrespondenzblatt. - 62.évf. (1914) 5.sz.

Elmentve itt :
Bibliográfiai részletek
Dokumentumtípus: Folyóirat
Megjelent: 1914
Sorozat:Korrespondenzblatt des Gesamtvereins der Deutschen Gesichts- und Altertumsvereine 62 No. 5
Online Access:http://misc.bibl.u-szeged.hu/55240
LEADER 00525nas a2200133 i 4500
001 misc55240
005 20200504143403.0
008 200504s1914 hu o 0|| zxx d
040 |a SZTE Miscellanea Repozitórium  |b hun 
041 |a zxx 
245 0 0 |a Korrespondenzblatt. - 62.évf. (1914) 5.sz.  |h [elektronikus dokumentum] 
260 |c 1914 
490 0 |a Korrespondenzblatt des Gesamtvereins der Deutschen Gesichts- und Altertumsvereine  |v 62 No. 5 
856 4 0 |u http://misc.bibl.u-szeged.hu/55240/1/korrespondensblatt_1914_005.pdf  |z Dokumentum-elérés